LEADER 00000ntm a22000007u 4500
001 zp12331
041 |a cze 
100 1 |a Mihalová, Zlatuše  |4 dis 
245 1 0 |a Sociální problematika dětí na porodnickém oddělení a role sociálního pracovníka 
246 |a Social questions of children on the maternity ward and the role of the social worker 
260 |c 2009 
300 |a 74 s., 42 s. příloh 
500 |a Studijní obor: Sociální pedagogika 
500 |a Studijní obor: Social pedagogy 
500 |a Ústav: Ústav pedagogických věd 
500 |a Univerzita Tomáše Bati ve Zlíně. Fakulta humanitních studií 
500 |a Tomas Bata University in Zlín. Faculty of Humanities 
506 |a Bez omezení 
653 |a diskrétní porod 
653 |a raný vztah matka-dítě 
653 |a poruchy rodičovství 
653 |a adopce 
653 |a náhradní rodičovství 
653 |a zdravotně-sociální pracovník 
653 |a případová práce 
653 |a sociální diagnostika 
653 |a terapeutické opatření 
653 |a sociálně-právní ochrana dětí 
653 |a dispenzární péče 
653 |a kojenecký ústav 
653 |a interdisciplinární spolupráce 
653 |a povinná mlčenlivost 
653 |a discrete childbirth 
653 |a attachment theory 
653 |a disorders of parenthood 
653 |a social abandonment 
653 |a adoption 
653 |a foster parenthood 
653 |a social worker in health services 
653 |a case study 
653 |a social diagnostics 
653 |a therapeutic measures 
653 |a socio-legal child protection 
653 |a dispensary care 
653 |a infant homes 
653 |a interdisciplinary cooperation 
653 |a mandatory confidentiality 
655 4 |a bakalářská práce 
700 1 |a Marášková, Ivana  |4 ths 
710 2 |a Univerzita Tomáše Bati ve Zlíně. Fakulta humanitních studií  |4 dgg 
710 2 |a Tomas Bata University in Zlín. Faculty of Humanities  |4 dgg 
856 4 0 |u http://hdl.handle.net/10563/10164  |y Plný text v Digitální knihovně UTB